La PC /

Guardado en:
Autor Corporativo: ATC.
Formato: Deslizar
Materias:
PC
Etiquetas: Agregar Etiqueta
Sin Etiquetas, Sea el primero en etiquetar este registro!
LEADER 00839ngm a22002655g 4500
001 CEM.cems022500
008 130507b2000##################0###0#####d
005 20241105145014.0
245 1 0 |a La PC /  |c ATC. 
300 |a 32'. 
500 |a En soporte VHS, consultar en ventanilla. 
505 0 |a El mouse (H: 0000). Discos rígidos y diskettes (H: 0460). La instalación (H: 0840). El teclado (H: 1340). 
538 |a Soporte: VHS - Norma: Pal N - Color: Si - Grabación DRD 2000 - Hitachi=0000. 
110 2 |a ATC. 
082 0 0 |. 6/ATC 
653 |a COMPUTACION 
653 |a PC 
653 |a INFORMATICA 
653 |a MOUSE 
653 |a DISKETTES 
653 |a DISCOS RIGIDOS 
653 |a TECLADO 
653 |a NIVEL PRIMARIO 
653 |a NIVEL SECUNDARIO 
859 |a CEMS  |b BIB. CEMS - Depto. Recursos Didacticos  |h 001.6  |i ATC  |k DRD  |p 1143.12  |t Ej.1